Marques Alcool Fort 19°- Mort Subite #2 - Statistiques

Statistiques générales
  • Ce quiz a été pris 1 216 fois
  • Le résultat moyen est 5 sur 30
Answers on the Grid
Answers color-coded by a green-red scale on the quiz's grid according to % correct below.
Abelforth
Aberlour
Bougainville
Don Papa
Don Julio
Long Pond
Saint-James
Ballantines
Ugly Dog
4 Copas
Zumbador
Patron
Oro de Tigre
Beefeater
Captain Morgan
Clan Campbell
Dalmore
Nikka
Label 5
Absolut
Wyborowa
Cîroc
Grey Goose
Smirnoff
Italicus
Angostura
Ricard
Poliakov
Fée 69
Hennessy
Don Miguel
Bigallet
Dom Pérignon
Teksa
Arhum
3 Springs
Passoa
Kahlua
Picon
Vermouth
TopoChico
Paix-Dieu
Vittel
Perforth
Prosecco
Gigondas
Chardonnay
Chapoutier
 
Statistiques - réponses
Réponse % Correct
Ricard
54%
Poliakov
52%
Absolut
47%
Captain Morgan
43%
Grey Goose
39%
Label 5
38%
Saint-James
33%
Smirnoff
33%
Hennessy
31%
Clan Campbell
29%
Don Papa
28%
Ballantines
24%
Cîroc
24%
Don Julio
10%
Aberlour
9%
Patron
6%
Wyborowa
6%
Fée 69
5%
Nikka
5%
Angostura
4%
Beefeater
4%
Dalmore
4%
Abelforth
3%
Oro de Tigre
3%
Bougainville
2%
Italicus
2%
Ugly Dog
2%
4 Copas
1%
Long Pond
1%
Zumbador
1%
Aucun quiz correspondant
Distribution des résultats
% des personnes avec chaque résultat
Percentile par nombre de réponses
Votre historique - résultats
Vous n’avez pas pris ce quiz